| 000 | 01576nam0a22003971 4500 | ||
|---|---|---|---|
| 001 | v19\rc\1283877 | ||
| 005 | 20260507151235.0 | ||
| 035 | _a(NLR Aleph) 004453136 | ||
| 090 |
_a4482699 _c4482699 |
||
| 100 | _a20060306d1842 u y0rusy50 ca | ||
| 101 | 0 | _arus | |
| 102 | _aRU | ||
| 105 | _aa z ||||| | ||
| 200 | 1 |
_aИстория Наполеона _fИзд. украш. 500 рис. Горация Вернета |
|
| 210 |
_aСанкт-Петербург _cВ. Семененко-Крамаревский и А. Красовский _d1842 |
||
| 215 |
_a[4], 640 с., 1 л. фронт. (ил.) _cил. _d25 |
||
| 300 | _aАвт. установлен по изд.: O. Lorenz. Catalogue général de la librairie française. Т. 8. С. 102 | ||
| 700 | 1 |
_7ca _8rus _aЛоран де л'Ардеш _bП. М. _f1793-1877 _gПоль Матье _9122966 _3RU\NLR\AUTH\7713273 |
|
| 702 | 0 |
_4570 _7ca _8rus _aНаполеон _cимператор французский _dI _f1769-1821 _9112920 _3RU\NLR\AUTH\772913 |
|
| 702 | 1 |
_4440 _7ca _8rus _aВерне _bО. _cхудожник _f1789-1863 _gОрас _9122965 _3RU\NLR\AUTH\7713272 |
|
| 801 | 0 |
_aRU _bNLR _gpsbo |
|
| 801 | 0 |
_aRU _bRuMoRGB _2psbo |
|
| 801 | 1 |
_aRU _bProSoft-M _2rusmarc |
|
| 852 |
_aNLR _j34.5.6.120 |
||
| 852 |
_aNLR _j140/86 |
||
| 852 |
_aNLR _bМф _jК1/7881 |
||
| 899 |
_aRuMoRGB _jR 250/51 |
||
| 899 |
_aRuMoRGB _jU 105/197 |
||
| 899 |
_aRuMoRGB _jU 116/181 |
||
| 899 |
_aRuMoRGB _jB 20/118 |
||
| 899 |
_aRuMoRGB _jМК |
||
| 899 | _aБАН | ||
| 899 | _aНБ СПбГУ | ||
| 942 | _cBOOK | ||
| 980 | _aNB | ||